01330 2200241 4500001002100000005001500021035002000036007000300056008004100059020002200100082001200122084001800134100003400152245010200186250001200288260003300300300005500333700002800388700002000416520062600436600000901062990001701071INLIS00000000000212620250416094209 a0010-0425000062ta250416 c 0 ind  a978-602-5781-08-7 a391.598 a391.598 KUR b0 aKurniawan Dinihari (Penulis)1 aBuku pintar 34 provinsi di Indonesia /cKurniawan Dinihari ; ilustrasi, Mbah Witi ; editor , Adib a-Cet. I aYogyakarta :bNoktah,c20018 a108 hlm :bilust., bergambar, berwarna ;c27 cme-0 aMbah Witi ( Ilustrasi )0 aAdib ( Editor ) aIndonesia terdiri atas 34 provinsi. Tiap provinsi memiliki budaya dan adat istiadat masing-masing. Selain itu, juga mempunyai identitas flora dan fauna. Hal ini membuat Indonesia menjadi salah satu negara yang kaya akan budaya serta flora dan fauna. Kita sebagai anak-anak yang kelak menjadi calon pemimpin generasi depan Indonesia wajib untuk melestarikan kekayaan tersebut. Caranya bagaimana? Kenali dan pelajari kekayaan yang tersebar di 34 provinsi di Indonesia. Materinya yang ringan disertai foto dan ilustrasi akan membuat anak mudah mempelajari isi buku ini. Aku bangga menjadi bagian dari bangsa Indonesia! 4aAdat a00052/R/2025